Η φυσικοδικαιική θεμελίωση της θεώρησης του κοινωνικού συμβολαίου στο φιλελεύθερο επιχείρημα του πολιτικού σκέπτεσθαι

Αποθηκεύτηκε σε:
Λεπτομέρειες βιβλιογραφικής εγγραφής
Κύριος συγγραφέας: Πρέζα, Ευαγγελία
Συγγραφή απο Οργανισμό/Αρχή: Πανεπιστήμιο Αιγαίου Σχολή Κοινωνικών Επιστημών Τμήμα Κοινωνιολογίας
Άλλοι συγγραφείς: Ναγόπουλος, Νίκος (Εισηγητής διατριβής)
Μορφή: Thesis Βιβλίο
Γλώσσα:Greek
Δημοσίευση: 2008
Θέματα:
Διαθέσιμο Online:http://hdl.handle.net/11610/10653
Ετικέτες: Προσθήκη ετικέτας
Δεν υπάρχουν, Καταχωρήστε ετικέτα πρώτοι!

MARC

LEADER 00000cam a2200000 i 4500
001 1/1979
008 091012s2008 gre d
035 |l 10105809 
040 |a GR-MY-UA  |b gre  |e aacr 
041 0 |a gre 
082 0 |a 320.01  |2 (22) 
100 1 |a Πρέζα, Ευαγγελία. 
245 1 2 |a Η φυσικοδικαιική θεμελίωση της θεώρησης του κοινωνικού συμβολαίου στο φιλελεύθερο επιχείρημα του πολιτικού σκέπτεσθαι /  |c επιμέλεια: Ευαγγελία Πρέζα ; υπεύθυνος καθηγητής: Νίκος Ναγόπουλος 
260 |c 2008 
300 |a 83 σ.;  |c 30 εκ. 
500 |a Βιβλιογραφία: σ. 82-83 
502 |a Πτυχιακή εργασία – Πανεπιστήμιο Αιγαίου, Λέσβος, 2008. 
650 0 0 |a Political science. 
650 0 0 |a Democracy. 
650 0 0 |a Social contract. 
650 0 0 |a State, The  |x Philosophy. 
650 0 0 |a Dissertations, Academic  |z Greece. 
700 1 |4 ths  |a Ναγόπουλος, Νίκος. 
710 2 |a Πανεπιστήμιο Αιγαίου  |b Σχολή Κοινωνικών Επιστημών  |b Τμήμα Κοινωνιολογίας. 
852 |a INST  |b LESVOS  |c DIATR  |e 20091012  |h 345  |p 005100046300  |q 005100046300  |t DIE  |y 23 
852 |a INST  |b LESVOS  |c DIATR  |e 20091012  |h 346  |p 005100046301  |q 005100046301  |t DIE  |y 23 
856 |u http://hdl.handle.net/11610/10653 
901 |a BIBL1-2009-3 
909 |a Λ  |b 159474 
909 |a Λ  |b 159475 
924 |a ΠΡΕΖΑ  |b ΕΥΑΓΓΕΛΙΑ  |y ΛΕΣΒΟΣ  |z 2009-02 
970 |a ΤΖΑΦΕΡΗ  |b ΕΥΑΓΓΕΛΙΑ  |z 2009/10/12